[Event "20e tournoi de Noël"]
[Site "Montigny le Bretonneux"]
[Date "2019.12.30"]
[Round "7.12"]
[White "Mongey, Alain"]
[Black "Benbakir, Ameur"]
[Result "1-0"]
[WhiteElo "1589"]
[BlackElo "1592"]
[Annotator "Rivier,Sylvain"]
[PlyCount "37"]
[EventDate "2019.??.??"]

{Ouverture du pion dame, défense est-indienne} 1. d4 Nf6 2. Bg5 g6 3. Nf3 Bg7
4. e3 d6 5. Bd3 Nbd7 6. c4 c5 7. O-O O-O 8. Nc3 cxd4 9. exd4 Re8 10. Re1 Nf8
11. h3 Ne6 12. Be3 Bd7 13. Rc1 Rc8 14. b4 Nh5 15. a3 Nef4 16. Bf1 a6 17. g4
Nxh3+ 18. Bxh3 Nf6 19. Nd2 1-0

[Event "20e tournoi de NoÃ«l"]
[Site "Montigny le Bretonneux"]
[Date "2019.12.30"]
[Round "7.13"]
[White "Longbien, Dominique"]
[Black "Montay, Jean-Paul"]
[Result "1-0"]
[WhiteElo "1413"]
[BlackElo "1298"]
[Annotator "Rivier,Sylvain"]
[PlyCount "145"]
[EventDate "2019.??.??"]

{Ouverture anglaise, variante sicilienne inversÃ©e} 1. c4 Nc6 2. Nc3 e5 3. g3
Bb4 4. Bg2 Nge7 5. e3 Bxc3 6. bxc3 d5 7. cxd5 Nxd5 8. Qb3 Nde7 9. d4 Na5 10.
Qb5+ c6 11. Qxe5 O-O 12. Nf3 Be6 13. O-O Nc4 14. Qc5 b6 15. Qb4 f6 16. Nd2 Nd6
17. Ba3 Ndc8 18. h3 a5 19. Qb2 Re8 20. Rab1 Rb8 21. e4 Qd7 22. Kh2 f5 23. d5
cxd5 24. Bxe7 Nxe7 25. exd5 Bxd5 26. Bxd5+ Nxd5 27. Rfd1 Re2 28. Kg1 Qe6 29.
Qb3 Re8 30. Nf3 Nf6 31. Qxe6+ R2xe6 32. Ng5 Re2 33. a4 h6 34. Nf3 Ne4 35. Rxb6
Nxc3 36. Rd4 Ne4 37. Ra6 Rxf2 38. Rxe4 Rxe4 39. Kxf2 Rxa4 40. Nh4 Ra2+ 41. Ke3
a4 42. Nxf5 Kf7 43. Kd3 g6 44. Ne3 h5 45. h4 Ra3+ 46. Ke4 Kg7 47. g4 Ra1 48.
Kf4 a3 49. Kg5 a2 50. Ra7+ Kf8 51. Kxg6 hxg4 52. Nxg4 Rg1 53. Rxa2 Rxg4+ 54.
Kh5 Re4 55. Rg2 Re7 56. Kh6 Re6+ 57. Kh7 Re4 58. h5 Re7+ 59. Kh8 Kf7 60. Rf2+
Ke6 61. h6 Rf7 62. Rg2 Rf8+ 63. Kg7 Rf7+ 64. Kg8 Kf6 65. h7 Rxh7 66. Kxh7 Kf5
67. Kh6 Kf6 68. Rg5 Kf7 69. Rg6 Kf8 70. Rg7 Ke8 71. Kg6 Kf8 72. Rc7 Ke8 73. Kf6
1-0

[Event "20e tournoi de Noël"]
[Site "Montigny le Bretonneux"]
[Date "2019.12.30"]
[Round "7.14"]
[White "Beduoglu, Cassandra"]
[Black "Payot, Guillaume"]
[Result "0-1"]
[WhiteElo "1130"]
[BlackElo "1273"]
[Annotator "Rivier,Sylvain"]
[PlyCount "114"]
[EventDate "2019.??.??"]

{Défense française, variante Rubinstein} 1. e4 e6 2. d4 d5 3. exd5 exd5 4. Nc3
Nf6 5. Nf3 Nc6 6. Bf4 Bf5 7. g3 Bd6 8. Bxd6 Qxd6 9. Bg2 Qe7+ 10. Ne2 Qb4+ 11.
c3 Qxb2 12. O-O O-O 13. Qd2 Qxd2 14. Nxd2 Ne4 15. Nxe4 Bxe4 16. f3 Bd3 17. Rfe1
Bxe2 18. Rxe2 Na5 19. Re5 c6 20. Bf1 f6 21. Re7 Rf7 22. Re2 Kf8 23. Re3 Re8 24.
Rxe8+ Kxe8 25. Re1+ Re7 26. Rxe7+ Kxe7 27. Bd3 Kf7 28. h4 Nc4 29. h5 g6 30. g4
gxh5 31. gxh5 Kg7 32. Kg2 Kh6 33. Kg3 Kxh5 34. Bxh7 Kg5 35. f4+ Kh5 36. f5 Kg5
37. Kf2 Nd6 38. Ke3 Nxf5+ 39. Bxf5 Kxf5 40. Kd3 Kf4 41. Ke2 Kg3 42. Kf1 Kf3 43.
a3 Ke3 44. a4 a5 45. Ke1 Kd3 46. Kf2 Kxc3 47. Kf3 Kxd4 48. Kf4 c5 49. Kf5 c4
50. Kxf6 c3 51. Ke6 Kc5 52. Ke5 c2 53. Ke6 c1=Q 54. Kd7 Qe3 55. Kc7 Qe7+ 56.
Kb8 Kb6 57. Ka8 Qe8# 0-1

[Event "20e tournoi de Noël"]
[Site "Montigny le Bretonneux"]
[Date "2019.12.30"]
[Round "7.16"]
[White "Trimbitasu, Elyas"]
[Black "Quenehen, Nassim"]
[Result "0-1"]
[WhiteElo "1150"]
[BlackElo "1261"]
[Annotator "Rivier,Sylvain"]
[PlyCount "104"]
[EventDate "2019.??.??"]

{Partie des quatre cavaliers, variante espagnole} 1. e4 e5 2. Nf3 Nf6 3. Nc3
Nc6 4. Bb5 Bc5 5. O-O d6 6. d4 exd4 7. Na4 Bd7 8. Bxc6 Bxc6 9. Nxc5 dxc5 10.
Bg5 h6 11. Bxf6 Qxf6 12. Re1 O-O 13. Qd3 Rae8 14. Nd2 a6 15. f3 Bb5 16. c4 dxc3
17. Qxc3 Qxc3 18. bxc3 Rd8 19. Nf1 Bxf1 20. Kxf1 Rd3 21. Rec1 Rfd8 22. Kf2 b5
23. Kg3 f6 24. a4 Rb8 25. Rab1 c6 26. h4 Kf7 27. Kf4 Rb6 28. e5 fxe5+ 29. Kxe5
b4 30. cxb4 cxb4 31. a5 Rb5+ 32. Ke4 Rd6 33. g4 c5 34. Ke5 Ke7 35. Re1 c4+ 36.
Ke4 c3 37. Kf4+ Re6 38. Rxe6+ Kxe6 39. Re1+ Kd7 40. Re4 c2 41. Rd4+ Kc6 42. Rd8
Rb7 43. Rc8+ Rc7 44. Rxc7+ Kxc7 45. Kf5 c1=Q 46. Kg6 Qc3 47. g5 hxg5 48. hxg5
Qe5 49. Kh5 Qf5 50. Kh4 g6 51. Kg3 Qxg5+ 52. Kf2 Qf4 {suite illisible} 0-1

[Event "20e tournoi de Noël"]
[Site "Montigny le Bretonneux"]
[Date "2019.12.30"]
[Round "7.17"]
[White "Chaintreau, Maxime"]
[Black "Delmas, Mathis"]
[Result "1-0"]
[WhiteElo "1259"]
[BlackElo "1120"]
[Annotator "Rivier,Sylvain"]
[PlyCount "65"]
[EventDate "2019.??.??"]

{Gambit dame} 1. d4 d5 2. c4 c6 3. Nc3 e6 4. Nf3 Bb4 5. Bf4 Nd7 6. e3 Ngf6 7.
Bd3 b6 8. O-O Ba6 9. Qb3 Ba5 10. Rfd1 dxc4 11. Bxc4 Bxc4 12. Qxc4 Bxc3 13. Qxc3
Rc8 14. Rac1 Nd5 15. Qa3 Nxf4 16. exf4 a5 17. Qd6 Qc7 18. Qxc7 Rxc7 19. Ne5 O-O
20. Nxc6 Re8 21. Ne7+ Rxe7 22. Rxc7 h6 23. g3 f6 24. d5 e5 25. d6 Rf7 26. Rdc1
Nc5 27. R1xc5 bxc5 28. d7 Kh7 29. d8=Q exf4 30. Rxf7 fxg3 31. Qxf6 gxf2+ 32.
Kxf2 Kg8 33. Qxg7# 1-0

[Event "20e tournoi de Noël"]
[Site "Montigny le Bretonneux"]
[Date "2019.12.30"]
[Round "7.18"]
[White "Vo, Bao Nam"]
[Black "Konate, Foune"]
[Result "1-0"]
[WhiteElo "1226"]
[BlackElo "1199"]
[Annotator "Rivier,Sylvain"]
[PlyCount "67"]
[EventDate "2019.??.??"]

{Défense Pirc} 1. e4 d6 2. d4 Nf6 3. Bd3 g6 4. c3 Bg7 5. Nf3 O-O 6. O-O Re8 7.
Bg5 e5 8. d5 Bd7 9. Nbd2 Qc8 10. Re1 Bg4 11. h3 Bh5 12. g4 Nxg4 13. hxg4 Qxg4+
14. Kf1 f6 15. Be3 Nd7 16. Ke2 Nc5 17. Bxc5 dxc5 18. Qb3 Kh8 19. Rh1 Bh6 20.
Rag1 Qd7 21. Ke1 a6 22. Be2 b5 23. Nh4 c4 24. Qd1 Bxe2 25. Qxe2 Rg8 26. Nxg6+
Rxg6 27. Rxg6 Bxd2+ 28. Kxd2 Rg8 29. Rxf6 Qg7 30. Rfh6 Qg5+ 31. Qe3 Qxe3+ 32.
Kxe3 Rg7 33. Rxa6 Kg8 34. Rah6 1-0

[Event "20e tournoi de Noël"]
[Site "Montigny le Bretonneux"]
[Date "2019.12.30"]
[Round "7.19"]
[White "Delmas, Enzo"]
[Black "Boucher, Francis"]
[Result "0-1"]
[WhiteElo "1070"]
[BlackElo "1100"]
[Annotator "Rivier,Sylvain"]
[PlyCount "112"]
[EventDate "2019.??.??"]

{Partie italienne} 1. e4 e5 2. Nf3 Nc6 3. Bc4 Bc5 4. Nc3 Nf6 5. d3 h6 6. Be3
Bxe3 7. fxe3 d6 8. O-O Na5 9. b3 Nxc4 10. bxc4 O-O 11. h3 Be6 12. Qe2 c6 13.
Qd1 Qa5 14. d4 Qxc3 15. d5 cxd5 16. exd5 Bd7 17. Rb1 Ne4 18. Rxb7 Ng3 19. Qd3
Qxd3 20. cxd3 Nxf1 21. Kxf1 Rfd8 22. Kf2 Ba4 23. Rb4 Bd1 24. Nd2 f6 25. d4 exd4
26. exd4 Re8 27. Nb1 Rab8 28. a3 a5 29. Rxb8 Rxb8 30. Nc3 Bb3 31. c5 Kf8 32.
Kf3 Ke8 33. Ke3 f5 34. Kd2 Bc4 35. Ke3 g5 36. Kf3 Rb3 37. Kf2 Rxc3 38. a4 Bxd5
39. g4 f4 40. cxd6 Kd7 41. Ke2 Kxd6 42. Kf2 Rxh3 43. Ke2 Rg3 44. Kf2 Ra3 45.
Ke2 Rxa4 46. Kd3 Ra3+ 47. Kd2 Rg3 48. Ke2 Rxg4 49. Kf2 a4 50. Ke2 a3 51. Kd3 a2
52. Kc3 a1=Q+ 53. Kb4 Qc1 54. Kb5 Rg2 55. Kb4 Rb2+ 56. Ka3 Qa1# 0-1